The Micro economy today (4th ed.) (Record no. 82896)

MARC details
000 -LEADER
fixed length control field 01001nam a2200193 a 4500
008 - FIXED-LENGTH DATA ELEMENTS--GENERAL INFORMATION
fixed length control field 120416s1989 ||||||||||||||||| || u
020 ## - INTERNATIONAL STANDARD BOOK NUMBER
International Standard Book Number 0075539802
050 ## - LIBRARY OF CONGRESS CALL NUMBER
Classification number HB 172 Sch
100 ## - MAIN ENTRY--PERSONAL NAME
Personal name Schiller, Bradley R
245 14 - TITLE STATEMENT
Title The Micro economy today (4th ed.)
250 ## - EDITION STATEMENT
Edition statement 4th ed.
260 ## - PUBLICATION, DISTRIBUTION, ETC.
Place of publication, distribution, etc. New York
Name of publisher, distributor, etc. McGraw-Hill
Date of publication, distribution, etc. 1989
300 ## - PHYSICAL DESCRIPTION
Extent xvi, 531p. : ill.
350 ## -
-- 0.00
995 ## -
-- MAIN LIBRARY OPEN ACCESS
-- 0.00
-- 001732
-- CBU-MAIN LIBRARY (Kitwe)
-- 1
-- 34.00
-- HB 172 Sch
-- 3
-- AVAILABLE
-- 001732
-- Main Library Open Access Collection
995 ## -
-- BINDERY (DAMAGED)
-- 0.00
-- 001733
-- CBU-MAIN LIBRARY (Kitwe)
-- 3
-- 34.00
-- HB 172 Sch
-- 4
-- DAMAGED
-- 001733
-- Main Library Open Access Collection
995 ## -
-- BINDERY (DAMAGED)
-- 0.00
-- 725798
-- CBU-MAIN LIBRARY (Kitwe)
-- 2
-- 34.00
-- HB 172 Sch
-- 2
-- DAMAGED
-- 001731
-- Main Library Open Access Collection
995 ## -
-- MAIN LIBRARY OPEN ACCESS
-- 0.00
-- 725797
-- CBU-MAIN LIBRARY (Kitwe)
-- 4
-- 34.00
-- HB 172 Sch
-- 1
-- AVAILABLE
-- 001730
-- Main Library Open Access Collection
999 ## -
-- 82896
-- 82896
Holdings
Withdrawn status Lost status Source of classification or shelving scheme Damaged status Not for loan Permanent Location Current Location Shelving location Date acquired Total Checkouts Full call number Barcode Date last seen Copy number Price effective from Koha item type
          CBU-MAIN LIBRARY, KITWE. CBU-MAIN LIBRARY, KITWE.   09/29/2023   HB 172 Sch 001732 09/29/2023 1 09/29/2023 MONOGRAPH
          CBU-MAIN LIBRARY, KITWE. CBU-MAIN LIBRARY, KITWE.   09/29/2023   HB 172 Sch 001733 09/29/2023 2 09/29/2023 MONOGRAPH
          CBU-MAIN LIBRARY, KITWE. CBU-MAIN LIBRARY, KITWE.   09/29/2023   HB 172 Sch 001731 09/29/2023 3 09/29/2023 MONOGRAPH
          CBU-MAIN LIBRARY, KITWE. CBU-MAIN LIBRARY, KITWE.   09/29/2023   HB 172 Sch 001730 09/29/2023 4 09/29/2023 MONOGRAPH